[Event "Verbandsliga Suedbaden 2223"]
[Site "Germany"]
[Date "2022.09.25"]
[Round "1.2"]
[White "Fischer, Daniel"]
[Black "Milosevic, Goran"]
[Result "0-1"]
[WhiteElo "1926"]
[BlackElo "2278"]
[PlyCount "110"]
[EventDate "2022.09.25"]
[EventType "team-tourn"]
[EventRounds "9"]
[EventCountry "GER"]
[SourceTitle "EXT 2024"]
[Source "ChessBase"]
[SourceDate "2023.10.10"]
[SourceVersion "1"]
[SourceVersionDate "2023.10.10"]
[SourceQuality "1"]
[WhiteTeam "Dreilaendereck"]
[BlackTeam "Dreisamtal"]
[WhiteTeamCountry "GER"]
[BlackTeamCountry "GER"]

1. e4 c5 2. Nf3 e6 3. d4 cxd4 4. Nxd4 a6 5. c4 Nf6 6. Nc3 Qc7 7. a3 d6 8. Be3 b6 9. Be2 Bb7 10. f3 Be7 11. Rc1 0-0 12. g4 Re8 13. g5 Nfd7 14. h4 Qd8 15. Qd2 Nc6 16. Nxc6 Bxc6 17. h5 Rc8 18. h6 g6 19. b4 Bf8 20. Qd4 Rc7 21. Kf2 Qa8 22. Nd5 Rb7 23. b5 axb5 24. Nb4 Ra7 25. cxb5 Bb7 26. Rc7 Qd8 27. Rxb7 Rxb7 28. Nc6 Qa8 29. Bc1 d5 30. Kg2 dxe4 31. Bb2 e5 32. Qxe4 Nc5 33. Qe3 Qa4 34. Rd1 Rd7 35. Rxd7 Nxd7 36. Qd2 Re6 37. Qc3 Qh4 38. Bc1 Bc5 39. Be3 Bxe3 40. Qxe3 Qf4 41. Kf2 Rd6 42. Nb4 Qxe3+ 43. Kxe3 Rd4 44. Bd3 Nc5 45. Bc2 Rc4 46. Kd2 Ne6 47. Bd3 Rc5 48. a4 Nxg5 49. a5 e4 50. fxe4 Nxe4+ 51. Ke3 bxa5 52. Na6 Re5 53. Kd4 f6 54. Bxe4 Rxb5 55. Nc5 Rb2 0-1

[Event "SUI-chT"]
[Site "Switzerland"]
[Date "2021.10.09"]
[Round "2.6"]
[White "Brunner, Nicolas"]
[Black "Milosevic, Goran"]
[Result "1-0"]
[WhiteElo "2448"]
[BlackElo "2272"]
[PlyCount "65"]
[EventDate "2021.08.29"]
[EventType "team-tourn"]
[EventRounds "9"]
[EventCountry "SUI"]
[SourceTitle "EXT 2023"]
[Source "ChessBase"]
[SourceDate "2022.10.05"]
[SourceVersion "1"]
[SourceVersionDate "2022.10.05"]
[SourceQuality "1"]
[WhiteTeam "Riehen"]
[BlackTeam "Trubschachen"]
[WhiteTeamCountry "SUI"]
[BlackTeamCountry "SUI"]

1. d4 Nf6 2. c4 e6 3. Nf3 Bb4+ 4. Bd2 Bxd2+ 5. Qxd2 0-0 6. g3 d6 7. Bg2 Nc6 8. Nc3 a6 9. 0-0 Rb8 10. d5 Ne7 11. e4 Ng6 12. Nd4 e5 13. Nc2 Re8 14. b4 Qe7 15. a4 h5 16. h4 b6 17. a5 Bb7 18. Ne3 Bc8 19. Rfb1 Nf8 20. f3 g6 21. Kh2 Qd8 22. Ncd1 N8h7 23. Nf2 Kh8 24. Bh3 Qe7 25. Bxc8 Rexc8 26. axb6 Rxb6 27. Ra5 Nd7 28. Rba1 Nb8 29. c5 dxc5 30. bxc5 Rf6 31. Kg2 Rd8 32. Qc3 Qe8 33. Nd3 1-0

[Event "Oberliga Baden 1819"]
[Site "Baden"]
[Date "2019.02.03"]
[Round "6.1"]
[White "Ehmann, Thilo"]
[Black "Milosevic, Goran"]
[Result "1/2-1/2"]
[WhiteElo "2320"]
[BlackElo "2292"]
[PlyCount "109"]
[EventDate "2018.10.21"]
[EventType "team-tourn"]
[EventRounds "9"]
[EventCountry "GER"]
[SourceTitle "EXT 2020"]
[Source "ChessBase"]
[SourceDate "2019.10.17"]
[SourceVersion "1"]
[SourceVersionDate "2019.10.17"]
[SourceQuality "1"]
[WhiteTeam "Sasbach"]
[BlackTeam "Dreisamtal"]
[WhiteTeamCountry "GER"]
[BlackTeamCountry "GER"]

1. e4 c5 2. Nf3 e6 3. d4 cxd4 4. Nxd4 a6 5. c4 Nf6 6. Nc3 Qc7 7. Be2 Be7 8. 0-0 0-0 9. Be3 d6 10. Rc1 Nbd7 11. Qd2 b6 12. Rfd1 Bb7 13. f3 Rac8 14. Bf1 Ne5 15. Qf2 Nfd7 16. b3 Ng6 17. Kh1 Bh4 18. Qg1 Rfe8 19. Na4 Nc5 20. Nb2 Rb8 21. b4 Nd7 22. Nb3 Be7 23. Qf2 Red8 24. Qd2 h5 25. Bg5 Nf6 26. Nd3 h4 27. Nf2 Nh7 28. Be3 Nf6 29. a4 Bc8 30. a5 bxa5 31. Nxa5 Nd7 32. Rb1 Ra8 33. Nh3 Nde5 34. Qf2 Nd7 35. Rdc1 Rb8 36. Bd2 Bf6 37. Be2 Re8 38. Bd1 Nde5 39. Qf1 Nc6 40. Ba4 Bd7 41. Nxc6 Bxc6 42. Bxc6 Qxc6 43. b5 axb5 44. cxb5 Qd7 45. f4 Rb7 46. Be3 Reb8 47. b6 Bd8 48. Qa6 Ne7 49. Qe2 Nc8 50. Qh5 Qa4 51. Qf3 Nxb6 52. Ra1 Qb3 53. Rcb1 Qc3 54. Rc1 Qb3 55. Rab1 1/2-1/2

[Event "BIH-chT1"]
[Site "Dvorovi"]
[Date "2016.08.13"]
[Round "8"]
[White "Sredojevic, Ivan"]
[Black "Milosevic, Goran"]
[Result "1/2-1/2"]
[WhiteElo "2382"]
[BlackElo "2341"]
[PlyCount "97"]
[EventDate "2016.08.06"]
[EventType "team-tourn"]
[EventRounds "9"]
[EventCountry "BIH"]
[SourceTitle "CBM 174 Extra"]
[Source "ChessBase"]
[SourceDate "2016.10.10"]
[SourceVersion "1"]
[SourceVersionDate "2016.10.10"]
[SourceQuality "1"]

1. e4 c5 2. Nf3 e6 3. d4 cxd4 4. Nxd4 a6 5. Nc3 Qc7 6. Be2 Nf6 7. 0-0 d6 8. Be3 b5 9. f4 Bb7 10. Bf3 Nbd7 11. Re1 Be7 12. Bf2 0-0 13. e5 Bxf3 14. Nxf3 Ng4 15. exd6 Bxd6 16. g3 Nxf2 17. Kxf2 Bb4 18. a4 Bxc3 19. bxc3 Nf6 20. axb5 Rad8 21. Qe2 Qc5+ 22. Kg2 axb5 23. Rab1 Rb8 24. Rb3 Nd5 25. Qe5 Rfc8 26. Nd4 Nxc3 27. f5 Qxe5 28. Rxe5 exf5 29. Nxf5 Kf8 30. Ra3 Na4 31. Nd4 Rc4 32. Rd5 g6 33. Re3 Re8 34. Kf3 b4 35. Rxe8+ Kxe8 36. Ke3 Nc5 37. Kd2 Ke7 38. Ke3 Rc3+ 39. Kd2 Ne4+ 40. Ke1 f5 41. Rb5 Rc4 42. Rxb4 Rxb4 43. Nc6+ Kd6 44. Nxb4 Kc5 45. Nd3+ Kd4 46. Kd1 Ke3 47. Ke1 g5 48. Ne5 h5 49. Nc4+ 1/2-1/2

[Event "BIH-chT1"]
[Site "Dvorovi"]
[Date "2016.08.07"]
[Round "2"]
[White "Milosevic, Goran"]
[Black "Bozic, Milan"]
[Result "0-1"]
[WhiteElo "2341"]
[BlackElo "2407"]
[PlyCount "104"]
[EventDate "2016.08.06"]
[EventType "team-tourn"]
[EventRounds "9"]
[EventCountry "BIH"]
[SourceTitle "CBM 174 Extra"]
[Source "ChessBase"]
[SourceDate "2016.10.10"]
[SourceVersion "1"]
[SourceVersionDate "2016.10.10"]
[SourceQuality "1"]

1. e4 c6 2. d4 d6 3. Nc3 e5 4. Nf3 Qc7 5. a4 Bg4 6. Be2 Be7 7. 0-0 a5 8. Be3 Nf6 9. Nd2 Bxe2 10. Qxe2 0-0 11. d5 Nbd7 12. Rfd1 Rfc8 13. Nf1 cxd5 14. exd5 Qc4 15. Qxc4 Rxc4 16. f3 Ne8 17. Nd2 Rcc8 18. Rac1 Bd8 19. Nb5 f5 20. b3 Bb6 21. Bxb6 Nxb6 22. Nf1 Kf7 23. c4 Nd7 24. Rc3 Nc5 25. Re1 Rd8 26. Re2 Nf6 27. Ne3 g6 28. g4 fxg4 29. Nxg4 Nh5 30. Nf2 Nf4 31. Ree3 Ke7 32. Ne4 b6 33. h4 Nxe4 34. Rxe4 Rg8 35. Rce3 g5 36. Kf1 Kd7 37. hxg5 Rxg5 38. Nc3 Rag8 39. Ne2 Ng2 40. Rc3 h5 41. Kf2 h4 42. f4 Rg4 43. Rf3 R8g7 44. Kf1 Nxf4 45. Nxf4 Rf7 46. Ke2 Rfxf4 47. Rexf4 Rxf4 48. Rh3 Ke7 49. Rh1 Kf6 50. Rg1 h3 51. Rh1 Rh4 52. Rh2 Kg5 0-1

[Event "Belp op"]
[Site "Belp"]
[Date "2015.05.23"]
[Round "1"]
[White "Fecker, Noah"]
[Black "Milosevic, Goran"]
[Result "0-1"]
[WhiteElo "1844"]
[BlackElo "2361"]
[PlyCount "92"]
[EventDate "2015.05.23"]
[EventType "swiss"]
[EventRounds "5"]
[EventCountry "SUI"]
[SourceTitle "EXT 2016"]
[Source "ChessBase"]
[SourceDate "2015.10.08"]
[SourceVersion "1"]
[SourceVersionDate "2015.10.08"]
[SourceQuality "1"]

1. e4 c5 2. Nf3 e6 3. d4 cxd4 4. Nxd4 a6 5. Nc3 Qc7 6. a3 b5 7. Be3 Bb7 8. f3 Nf6 9. Qd2 d6 10. Be2 Be7 11. g4 0-0 12. 0-0-0 Nc6 13. g5 Nd7 14. h4 Nde5 15. f4 Nxd4 16. Qxd4 Nc6 17. Qd2 b4 18. axb4 Nxb4 19. Rhg1 Qa5 20. Qd4 Rfc8 21. Kd2 d5 22. Qb6 Qxb6 23. Bxb6 dxe4 24. Kc1 Bc6 25. Rd4 Rab8 26. Ba5 Bc5 27. Rgd1 Bxd4 28. Rxd4 Nd5 29. Nxe4 Nxf4 30. Bxa6 Ra8 31. Nd6 Rxa6 32. Rxf4 Rb8 33. Bc3 Rd8 34. Rd4 Bd5 35. Nb5 Rc8 36. Rb4 Rc4 37. Rxc4 Bxc4 38. Na3 Bf1 39. Be1 f5 40. Bg3 Ra4 41. c3 f4 42. Bf2 e5 43. Nc2 e4 44. Be1 Bd3 45. Nd4 e3 46. Nb3 f3 0-1

[Event "Paleochora op 7th"]
[Site "Paleochora"]
[Date "2014.07.26"]
[Round "7"]
[White "Antic, Dejan"]
[Black "Milosevic, Goran"]
[Result "1/2-1/2"]
[WhiteElo "2479"]
[BlackElo "2364"]
[PlyCount "106"]
[EventDate "2014.07.21"]
[EventType "swiss"]
[EventRounds "9"]
[EventCountry "GRE"]
[SourceTitle "CBM 161 Extra"]
[Source "ChessBase"]
[SourceDate "2014.08.29"]
[SourceVersion "1"]
[SourceVersionDate "2014.08.29"]
[SourceQuality "1"]

1. d4 Nf6 2. c4 e6 3. g3 Bb4+ 4. Bd2 Bxd2+ 5. Qxd2 0-0 6. Bg2 d6 7. Nf3 Nc6 8. d5 Ne7 9. Nc3 e5 10. 0-0 Re8 11. e4 a5 12. a3 Ng6 13. b4 b6 14. Rfc1 h6 15. c5 axb4 16. axb4 Rxa1 17. Rxa1 bxc5 18. bxc5 dxc5 19. Qe3 Qd6 20. Ra5 c6 21. Nd2 cxd5 22. exd5 Bd7 23. Qxc5 Qxc5 24. Rxc5 Rc8 25. Rxc8+ Bxc8 26. Nc4 Kf8 27. d6 Be6 28. Na5 Bd7 29. Nb7 Ke8 30. Kf1 Bc8 31. Nc5 Nf8 32. Bc6+ Kd8 33. N3a4 Ne6 34. Nxe6+ Bxe6 35. Nc5 Bd7 36. Nxd7 Nxd7 37. Ke2 Nf6 38. Kd3 Ng4 39. f3 Nxh2 40. Ke4 f6 41. Kf5 Nf1 42. g4 Ne3+ 43. Kg6 f5 44. gxf5 h5 45. f6 gxf6 46. Kxf6 Nc4 47. Ke6 h4 48. Kd5 Na5 49. Ba8 Kd7 50. Kxe5 Nc4+ 51. Kf4 Kxd6 52. Kg4 Ne5+ 53. Kxh4 Nxf3+ 1/2-1/2

[Event "Rethymno op 6th"]
[Site "Rethymno"]
[Date "2014.07.19"]
[Round "9"]
[White "Milosevic, Goran"]
[Black "Klokas, Konstantinos"]
[Result "1-0"]
[WhiteElo "2364"]
[BlackElo "2110"]
[PlyCount "91"]
[EventDate "2014.07.12"]
[EventType "swiss"]
[EventRounds "9"]
[EventCountry "GRE"]
[SourceTitle "CBM 161 Extra"]
[Source "ChessBase"]
[SourceDate "2014.08.29"]
[SourceVersion "1"]
[SourceVersionDate "2014.08.29"]
[SourceQuality "1"]

1. e4 c5 2. Nf3 Nc6 3. Nc3 Nf6 4. Bb5 Qc7 5. 0-0 e6 6. Bxc6 Qxc6 7. e5 Nd5 8. Ne4 f5 9. exf6 Nxf6 10. Nxf6+ gxf6 11. d4 b6 12. c4 Bb7 13. d5 exd5 14. Re1+ Kd8 15. cxd5 Qxd5 16. Qe2 Rg8 17. Bf4 Bd6 18. Bg3 Bxg3 19. hxg3 Kc7 20. Rad1 Qc6 21. Qc4 Rae8 22. Qf4+ Kc8 23. Rxe8+ Rxe8 24. Rd6 Qe4 25. Qxf6 Qb1+ 26. Kh2 Qxa2 27. Qg7 Bc6 28. Ne5 Rxe5 29. Qxe5 a5 30. g4 Qc4 31. f3 a4 32. Rh6 Qc2 33. Qf5 Qxf5 34. gxf5 b5 35. f6 Kd8 36. Rxh7 Ke8 37. Kg3 b4 38. Kf4 a3 39. bxa3 b3 40. Rh8+ Kf7 41. Rb8 c4 42. Ke5 d5 43. Kd4 Ba4 44. Rb4 Bc6 45. a4 b2 46. a5 1-0

[Event "Rethymno op 6th"]
[Site "Rethymno"]
[Date "2014.07.17"]
[Round "7"]
[White "Milosevic, Goran"]
[Black "Bomans, Arno"]
[Result "1/2-1/2"]
[WhiteElo "2364"]
[BlackElo "2209"]
[PlyCount "92"]
[EventDate "2014.07.12"]
[EventType "swiss"]
[EventRounds "9"]
[EventCountry "GRE"]
[SourceTitle "CBM 161 Extra"]
[Source "ChessBase"]
[SourceDate "2014.08.29"]
[SourceVersion "1"]
[SourceVersionDate "2014.08.29"]
[SourceQuality "1"]

1. e4 g6 2. d4 Bg7 3. Nc3 d6 4. Nf3 a6 5. a4 b6 6. Bc4 e6 7. 0-0 Ne7 8. Re1 Bb7 9. Bg5 h6 10. Bh4 Nd7 11. Qd2 g5 12. Bg3 Ng6 13. h3 0-0 14. Nh2 Nf6 15. Bb3 Nh5 16. Nf1 Nhf4 17. Rad1 c6 18. Ne2 c5 19. c3 cxd4 20. Nxd4 d5 21. Qc2 Qf6 22. exd5 Bxd5 23. Ne3 Bxb3 24. Qxb3 h5 25. Nc6 Rac8 26. Rd6 h4 27. Ng4 Qf5 28. Nd4 Qc5 29. Bxf4 Nxf4 30. Qxb6 Qxb6 31. Rxb6 Rb8 32. Rxa6 Rxb2 33. Ra1 Nd5 34. Ra5 Rc8 35. Nb5 f5 36. Ne3 Nxc3 37. Nxc3 Bxc3 38. Rc1 Bxa5 39. Rxc8+ Kf7 40. Nc4 Rb1+ 41. Kh2 Be1 42. Ne5+ Kf6 43. Nd3 Ba5 44. Rc6 Ke7 45. Ne5 Be1 46. Rc2 Kf6 1/2-1/2

[Event "Rethymno op 6th"]
[Site "Rethymno"]
[Date "2014.07.16"]
[Round "6"]
[White "Stray, Gunnar"]
[Black "Milosevic, Goran"]
[Result "0-1"]
[WhiteElo "2053"]
[BlackElo "2364"]
[PlyCount "98"]
[EventDate "2014.07.12"]
[EventType "swiss"]
[EventRounds "9"]
[EventCountry "GRE"]
[SourceTitle "CBM 161 Extra"]
[Source "ChessBase"]
[SourceDate "2014.08.29"]
[SourceVersion "1"]
[SourceVersionDate "2014.08.29"]
[SourceQuality "1"]

1. d4 Nf6 2. c4 e6 3. g3 Bb4+ 4. Nd2 c5 5. a3 Bxd2+ 6. Qxd2 Nc6 7. Nf3 Ne4 8. Qd3 d5 9. Bg2 Qa5+ 10. Kf1 cxd4 11. Nxd4 Ne5 12. Qb3 0-0 13. Bxe4 dxe4 14. Bf4 Ng6 15. Bd6 Rd8 16. c5 e5 17. Nb5 Bh3+ 18. Kg1 Qd2 19. Nc3 e3 20. Rd1 exf2+ 21. Kxf2 Qg5 22. Ne4 Qh5 23. Qe3 h6 24. Nc3 Re8 25. Rhe1 f5 26. Nb5 f4 27. Qf3 Bg4 28. Qg2 Rf8 29. Bxf8 Rxf8 30. Kg1 f3 31. exf3 Bxf3 32. Qd2 Nf4 33. gxf4 Rxf4 34. Qxf4 exf4 35. Rd2 Qxc5+ 36. Nd4 Qg5+ 37. Kf1 Bd5 38. Ke2 Qg6 39. Nc2 Qg4+ 40. Kd3 Qf3+ 41. Kd4 a5 42. Ree2 Bb3 43. Ke5 Bd5 44. Kd6 Bc4 45. Rf2 Qe4 46. Nd4 g5 47. Ne2 Qc6+ 48. Ke7 Qc5+ 49. Kf6 Qb6+ 0-1

[Event "Basel Hilton op 15th"]
[Site "Basel"]
[Date "2013.01.02"]
[Round "2"]
[White "Gavrilov, Alexei"]
[Black "Milosevic, Goran"]
[Result "1/2-1/2"]
[WhiteElo "2501"]
[BlackElo "2328"]
[PlyCount "120"]
[EventDate "2013.01.01"]
[EventType "swiss"]
[EventRounds "7"]
[EventCountry "SUI"]
[SourceTitle "CBM 152 Extra"]
[Source "ChessBase"]
[SourceDate "2013.02.25"]
[SourceVersion "1"]
[SourceVersionDate "2013.02.25"]
[SourceQuality "1"]

1. d4 Nf6 2. c4 e6 3. Nf3 Bb4+ 4. Bd2 Bxd2+ 5. Qxd2 0-0 6. g3 b6 7. Bg2 Bb7 8. Nc3 Ne4 9. Nxe4 Bxe4 10. 0-0 d6 11. Rfd1 Nd7 12. Rac1 Qe7 13. Qe3 Nf6 14. d5 Bxf3 15. exf3 e5 16. f4 Qd8 17. fxe5 Ng4 18. Qc3 Nxe5 19. Re1 Re8 20. Bh3 Ng6 21. Kf1 a5 22. b3 Kf8 23. Rxe8+ Qxe8 24. Re1 Qd8 25. Bf5 Qg5 26. Bd7 Ne5 27. f4 Qf6 28. Bb5 g5 29. Qd4 gxf4 30. gxf4 Kg7 31. Ke2 Ng6 32. Qxf6+ Kxf6 33. Ke3 Rg8 34. Rg1 h6 35. Ke4 Ne7 36. Rg3 Rxg3 37. hxg3 h5 38. Bd7 Kg6 39. Be8 Kf6 40. Bd7 Kg6 41. Kf3 Nf5 42. Kg2 Kf6 43. Kh3 Ne3 44. Kh4 Kg6 45. Be8 Nf5+ 46. Kh3 Ne3 47. Bd7 Kf6 48. Kh2 Kg6 49. Ba4 Nc2 50. Kh3 Ne3 51. Be8 Nf5 52. Kg2 Nd4 53. Kf2 Nf5 54. Bd7 Kf6 55. Kg2 Ne3+ 56. Kf2 Nf5 57. Kf3 Kg6 58. Kg2 Ne3+ 59. Kf2 Nf5 60. Kf3 Kf6 1/2-1/2

[Event "Basel Hilton op 15th"]
[Site "Basel"]
[Date "2013.01.01"]
[Round "1"]
[White "Milosevic, Goran"]
[Black "Spiess, Thomas"]
[Result "1-0"]
[WhiteElo "2328"]
[BlackElo "2028"]
[PlyCount "61"]
[EventDate "2013.01.01"]
[EventType "swiss"]
[EventRounds "7"]
[EventCountry "SUI"]
[SourceTitle "CBM 152 Extra"]
[Source "ChessBase"]
[SourceDate "2013.02.25"]
[SourceVersion "1"]
[SourceVersionDate "2013.02.25"]
[SourceQuality "1"]

1. e4 c5 2. Nf3 e6 3. d4 cxd4 4. Nxd4 Nc6 5. Nc3 Qc7 6. g3 a6 7. Bg2 d6 8. 0-0 Bd7 9. a4 Be7 10. Nb3 Nf6 11. a5 0-0 12. Be3 Rac8 13. f4 Nb4 14. Bb6 Qb8 15. g4 Bc6 16. g5 Nd7 17. Be3 Bb5 18. Rf3 Bc4 19. Nd4 f5 20. Rh3 g6 21. Ra4 b5 22. axb6 d5 23. exf5 exf5 24. Rxb4 Bxb4 25. Nxd5 Bc5 26. b3 Nxb6 27. Nxb6 Qxb6 28. bxc4 Rcd8 29. Bd5+ Kg7 30. Ne6+ Qxe6 31. Qa1+ 1-0